Modifikácia nanovláknovej matrice biologicky aktívnymi látkami a štúdium biokompatibility diplomová práca CD

Enregistré dans:
Détails bibliographiques
Auteur principal: Michliková, Monika
Format: Logiciel Livre
Langue:slovaque
Publié: Bratislava STU FCHPT 2013
Accès en ligne:Voir à l'OPAC
Tags: Ajouter un tag
Pas de tags, Soyez le premier à ajouter un tag!

MARC

LEADER 00000nam a2200000 a 4500
005 20260127133945.0
007 co ugu uaaua
008 130715 2013 000 0 slo d
035 |a vtls010527645 
039 9 |y 201307151428  |z mschk03 
040 |a STUSCHK1  |b slo  |c STUSCHK1  |e AACR2 
100 1 |a Michliková, Monika 
245 1 |a Modifikácia nanovláknovej matrice biologicky aktívnymi látkami a štúdium biokompatibility  |b diplomová práca CD  |c Monika Michlíková 
260 |a Bratislava  |b STU FCHPT  |c 2013 
300 |a 1 optický disk 
500 |a Obhájené: 12.06.2013 
500 |a Štud. odbor: biotechnológie 
500 |a Škol. pracovisko: Oddelenie biochémie a mikrobiológie 
500 |a Evid. číslo: FCHPT-5421-40536 
910 |a SCHK95 
999 |c 860  |d 860